Избранные сочинения: пер. с ит.; Государь; Жизнь Каструччо Кастракани из Лукки; Черт, который женился; Мандрагора; Клиция

التفاصيل البيبلوغرافية
المؤلف الرئيسي: Макиавелли (Макьявелли) Н. Никколо
اللغة:الروسية
منشور في: Калининград, Янтарный сказ, 2000
TOC:Государь;
Жизнь Каструччо Кастракани из Лукки;
Черт, который женился;
Мандрагора;
Клиция;
الموضوعات:
التنسيق: كتاب
KOHA link:https://koha.lib.tpu.ru/cgi-bin/koha/opac-detail.pl?biblionumber=58536

MARC

LEADER 00000nam0a2200000 4500
001 58536
005 20231101211734.0
010 |a 5740602610 
035 |a (RuTPU)RU\TPU\book\61819 
090 |a 58536 
100 |a 20031202d2000 km y0rusy50 ca 
101 1 |a rus  |c ita 
102 |a RU 
105 |a y z 000zb 
200 1 |a Избранные сочинения  |e пер. с ит.  |f Н. Макиавелли 
210 |a Калининград  |c Янтарный сказ  |d 2000 
215 |a 224 с. 
327 1 |a Содерж.: Государь; Жизнь Каструччо Кастракани из Лукки; Черт, который женился: Сказка; Мандрагора; Клиция 
464 |t Государь 
464 |t Жизнь Каструччо Кастракани из Лукки 
464 |t Черт, который женился  |o Сказка 
464 |t Мандрагора 
464 |t Клиция 
600 1 |a Макиавелли (Макьявелли)  |b Н.  |c итальянский политический мыслитель  |f 1469-1527  |g Никколо  |c историк  |c писатель  |2 stltpui  |3 (RuTPU)RU\TPU\pers\935 
606 1 |a Итальянская философия  |x История  |z 15-16 в.в.  |2 stltpush  |3 (RuTPU)RU\TPU\subj\39305  |9 59451 
610 1 |a философия 
610 1 |a история 
610 1 |a 15 век 
610 1 |a 16 век 
610 1 |a государство 
610 1 |a пьесы 
686 |a Ю3(4Ит)43  |v LBC/SL-A  |2 rubbk 
700 1 |a Макиавелли (Макьявелли)  |b Н.  |c итальянский политический мыслитель  |c историк  |c писатель  |f 1469-1527  |g Никколо  |2 stltpui  |3 (RuTPU)RU\TPU\pers\935  |9 411 
801 1 |a RU  |b 63413507  |c 20031202  |g PSBO 
801 2 |a RU  |b 63413507  |c 20141117  |g PSBO 
942 |c BK